书目信息 |
| 题名: |
2017年度注册会计师全国统一考试历年真题360°全解析
|
|
| 作者: | ;注册会计师全国统一考试命题研究中心 编写 | |
| 分册: | 财务成本管理 | |
| 出版信息: | 北京 中国经济出版社 2017.02 |
|
| 页数: | 249页 | |
| 开本: | 26cm | |
| 丛书名: | ||
| 单 册: | ||
| 中图分类: | F23-44 , F275.3-44 | |
| 科图分类: | ||
| 主题词: | 注册会计师--考核--题解 , 企业管理--成本管理--考核--题解 | |
| 电子资源: | ||
| ISBN: | 978-7-5136-4539-3 | |
| 000 | 01199nam0 2200289 450 | |
| 001 | 0120172122179 | |
| 005 | 20170911092758.31 | |
| 010 | @a978-7-5136-4539-3@dCNY30.00 | |
| 100 | @a20170306d2017 em y0chiy50 ea | |
| 101 | 0 | @achi |
| 102 | @aCN@b110000 | |
| 105 | @ak q 000yy | |
| 106 | @ar | |
| 200 | 1 | @a2017年度注册会计师全国统一考试历年真题360°全解析@92017 nian du zhu ce kuai ji shi quan guo tong yi kao shi li nian zhen ti 360° quan jie xi@i财务成本管理@f注册会计师全国统一考试命题研究中心编写 |
| 205 | @a6版 | |
| 210 | @a北京@c中国经济出版社@d2017.02 | |
| 215 | @a249页@d26cm | |
| 300 | @a中经版 | |
| 330 | @a本书主要内容包括:2007年度-2016年度注册会计师全国统一考试《财务成本管理》试题及答案解析,每套试题包括单项选择题、多项选择题、判断题、计算分析题、综合题,参考答案及解析共五部分。 | |
| 333 | @a参加注册会计师全国统一考试的考生 | |
| 606 | 0 | @a注册会计师@x考核@j题解 |
| 606 | 0 | @a企业管理@x成本管理@x考核@j题解 |
| 690 | @aF23-44@v5 | |
| 690 | @aF275.3-44@v5 | |
| 711 | 02 | @a注册会计师全国统一考试命题研究中心@9zhu ce kuai ji shi quan guo tong yi kao shi ming ti yan jiu zhong xin@4编写 |
| 801 | 0 | @aCN@b人天书店@c20170306 |
| 905 | @b1072870-75@dF23-44@e545=6@f6 | |
| 2017年度注册会计师全国统一考试历年真题360°全解析.财务成本管理/注册会计师全国统一考试命题研究中心编写.-6版.-北京:中国经济出版社,2017.02 |
| 249页;26cm |
| 中经版.-使用对象:参加注册会计师全国统一考试的考生 |
| ISBN 978-7-5136-4539-3:CNY30.00 |
| 本书主要内容包括:2007年度-2016年度注册会计师全国统一考试《财务成本管理》试题及答案解析,每套试题包括单项选择题、多项选择题、判断题、计算分析题、综合题,参考答案及解析共五部分。 |
| ● |
| 相关链接 |
|
|
|
|
正题名:2017年度注册会计师全国统一考试历年真题360°全解析
索取号:F23-44/545=6
 
预约/预借
| 序号 | 登录号 | 条形码 | 馆藏地/架位号 | 状态 | 备注 |
| 1 | 1072870 | 210728701 | 第一样本阅览室/ [索取号:F23-44/545=6] | 在馆 | |
| 2 | 1072871 | 210728710 | 第一借阅区/ [索取号:F23-44/545=6] | 在馆 | |
| 3 | 1072872 | 210728729 | 第一借阅区/ [索取号:F23-44/545=6] | 在馆 | |
| 4 | 1072873 | 210728738 | 第一借阅区/ [索取号:F23-44/545=6] | 在馆 | |
| 5 | 1072874 | 210728747 | 第一借阅区/ [索取号:F23-44/545=6] | 在馆 | |
| 6 | 1072875 | 210728756 | 密集书库-海洋学院/ [索取号:F23-44/545=6] | 在馆 |